World Capitals starting with M (with hints) - Statistics

General Stats
  • This quiz has been taken 58 times
    44 since last reset
  • The average score is 14 of 19
Answer Stats
Continent Capital % Correct
Europe Madrid
100%
Europe Monaco
93%
South America Montevideo
89%
North America Mexico City
86%
Asia Manila
82%
Africa Maputo
82%
Asia Malé
79%
Europe Minsk
79%
Africa Mogadishu
79%
Europe Moscow
79%
North America Managua
75%
Africa Manama
71%
Asia Muscat
68%
Africa Monrovia
64%
Oceania Majuro
61%
Africa Maseru
61%
Africa Malabo
54%
Africa Moroni
54%
Africa Mbabane
46%
No matching quizzes found
Score Distribution
Percent of People with Each Score
Percentile by Number Answered
Your Score History
You have not taken this quiz since the last reset